Disney's Zootopia racial biases in post-racial America : [abstract] /

Elmentve itt :
Bibliográfiai részletek
Szerző: Tamás Lili
Testületi szerző: Országos Tudományos Diákköri Konferencia (37.)
Dokumentumtípus: Könyv része
Megjelent: Szegedi Tudományegyetem Bölcsészet- és Társadalomtudományi Kar Szeged 2025
Sorozat:Országos Tudományos Diákköri Konferencia : Humán Tudományi Szekció
Kulcsszavak:Filmművészet - amerikai - előadáskivonat, Rasszizmus - USA - előadáskivonat
Tárgyszavak:
Online Access:http://acta.bibl.u-szeged.hu/87674
LEADER 01018naa a2200217 i 4500
001 acta87674
005 20250530154920.0
008 250530s2025 hu o 100 eng d
020 |a 978-963-688-043-9 
040 |a SZTE Egyetemi Kiadványok Repozitórium  |b hun 
041 |a eng 
100 1 |a Tamás Lili 
245 1 0 |a Disney's Zootopia  |h [elektronikus dokumentum] :  |b racial biases in post-racial America : [abstract] /  |c  Tamás Lili 
260 |a Szegedi Tudományegyetem Bölcsészet- és Társadalomtudományi Kar  |b Szeged  |c 2025 
300 |a 321 
490 0 |a Országos Tudományos Diákköri Konferencia : Humán Tudományi Szekció 
650 4 |a Bölcsészettudományok 
650 4 |a Művészetek (művészetek, művészettörténet, előadóművészetek, zene) 
695 |a Filmművészet - amerikai - előadáskivonat, Rasszizmus - USA - előadáskivonat 
710 |a Országos Tudományos Diákköri Konferencia (37.)  |c Szeged 
856 4 0 |u http://acta.bibl.u-szeged.hu/87674/1/otdk_2025_human_321.pdf  |z Dokumentum-elérés